000 00256nam a2200109Ia 4500
008 220216s9999 xx 000 0 und d
245 0 _aMixed farming in the tropics
260 _bPlanter
_c1959
300 _a303-307
650 _aMixed farming
942 _cJS
999 _c63012
_d63012